Decreto emanado por el C. Benito Juárez, gobernador constitucional del Estado libre de Oaxaca, a todos sus habitantes hago saber: que el soberano congreso del mismo ha tenido a bien decretar lo que sigue. Decreto N. 31 El congreso octavo constitucional del Estado libre y soberano de Oaxaca ha tenido a bien decretar lo que sigue. Art. 1° Se autoriza al gobierno para que con presencia de las circunstancias de los pueblos, designe a cada uno el número de hombres que debe dar para cubrir el contingente señalado al Estado por la ley de 4 de noviembre de 1848. Palacio del gobierno de Oaxaca, septiembre 14 de 1849. Benito Juárez. Manuel Ruíz, secretario

Detalles Bibliográficos
Autor principal: Juárez, Benito, 1806-1872
Otros Autores: Ruíz, Manuel
Formato: Libro
Lenguaje:Spanish
Publicado: Oaxaca : s.n., 1849.
Materias:
Colección:Banco de datos
Acervo:Universidad Autónoma Benito Juárez de Oaxaca. Biblioteca Francisco de Burgoa. Colección histórica
Descripción Física:7 p. ; 20.5 cm.
Tema general:Política
Notas:Texto a renglón seguido con paginación en números arábigos. Sello en tinta de la Biblioteca Pública del Estado de Oaxaca, Oax.
LEADER 01389nam a22001930004500
035 |a 3394 
041 0 |a spa 
100 1 |a Juárez, Benito, 1806-1872 
245 1 0 |a Decreto emanado por el C. Benito Juárez, gobernador constitucional del Estado libre de Oaxaca, a todos sus habitantes hago saber: que el soberano congreso del mismo ha tenido a bien decretar lo que sigue. Decreto N. 31 El congreso octavo constitucional del Estado libre y soberano de Oaxaca ha tenido a bien decretar lo que sigue. Art. 1° Se autoriza al gobierno para que con presencia de las circunstancias de los pueblos, designe a cada uno el número de hombres que debe dar para cubrir el contingente señalado al Estado por la ley de 4 de noviembre de 1848. Palacio del gobierno de Oaxaca, septiembre 14 de 1849. Benito Juárez. Manuel Ruíz, secretario 
260 |a Oaxaca : s.n., 1849. 
300 |a 7 p. ; 20.5 cm.  
500 |a Texto a renglón seguido con paginación en números arábigos. Sello en tinta de la Biblioteca Pública del Estado de Oaxaca, Oax. 
501 |a 66 obras 
650 1 0 |a Política 
700 1 |a Ruíz, Manuel 
852 |a Universidad Autónoma "Benito Juárez" de Oaxaca, Biblioteca Francisco de Burgoa, Colección histórica 19433-Dd 
942 |c BURHIS 
943 |g Universidad Autónoma Benito Juárez de Oaxaca. Biblioteca Francisco de Burgoa. Colección histórica 
999 |c 1122237  |d 1122237